000 00403nam a2200157Ia 4500
008 210716s2012 xx 000 0 und d
020 _a9788132206446
041 _aeng
082 _a794.8 SPUR
100 _aSpuy, Rex van der.
245 _aFoundation game design with action script 3.0.
250 _a2
260 _aNew Delhi
_bSpringer
_c2012
300 _axviii,662
650 _aGames of action
999 _c193391
_d193391